000
00310nam a22001337a 4500
020
_a
0-19-910590-1
082
_a
823
_b
RIC/H
100
_a
RICHARDSON, HAZEL
245
_a
HOW TO BUILD A TIME MACHINE
260
_a
NEW YORK
_b
OXFORD UNIVERSITY PRESS
_c
1999
300
_a
92
520
_a
SHORT STORY
942
_c
BK
999
_c
6459
_d
6459